Bertemu muka dengan para orientalis Eropah

Bibliographic Details
Main Author: سباعي, مصطفى (Author)
Format: Book
Published: Semarang Wicaksana Ca [19--]
Subjects:

MARC

LEADER 00000cam a2200000 7i4500
001 0000004639
008 021118n
090 0 0 |a BP170  |b .S5215 
100 0 |a سباعي, مصطفى  |e author 
245 1 0 |a Bertemu muka dengan para orientalis Eropah  |c Mustafa al-Siba`i  |f alihbahasa M. Qodirun Nur, A. Chumaidi Umar 
260 2 |a Semarang  |b Wicaksana Ca  |c [19--] 
300 |a 96 p.  |c 17 cm 
650 0 |a Islam  |v Apologetic works 
650 0 |a Islam  |x Study and teaching 
999 |a 1000006631  |b Book  |c OPEN SHELF (30 DAYS)  |e Gong Badak Campus